| 000 | 00566nam a2200205 a 4500 | ||
|---|---|---|---|
| 003 | DLC | ||
| 005 | 20210219152731.0 | ||
| 022 | _a0007-1013 | ||
| 035 | _aUPN01000059654 | ||
| 245 | 0 | 0 | _aBRITISH JOURNAL OF EDUCATIONAL TECHNOLOGY |
| 260 |
_aReino Unido : _bBlackwell, _c1970 |
||
| 310 | _aSeis veces al año | ||
| 653 | 0 | _aEDUCACION FORMAL | |
| 653 | 0 | _aMETODOS DE ENSEÑANZA | |
| 653 | 0 | _aAUXILIARES AUDIOVISUALES | |
| 653 | 0 | _aNUEVAS TECNOLOGIAS | |
| 905 | _aRevista | ||
| 999 |
_c59581 _d59581 |
||